000 00301nam a22001337a 4500
008 170925b xxu||||| |||| 00| 0 eng d
020 _a9780495567479
041 _aeng
080 _29 ED
_a37
100 _a46
101 _aEDU
245 _aTHE SPEAKERS HANDBOOK
_cBODARY.D
942 _2udc
_cBK
999 _c29620
_d29620